| 000 | 00690cam a2200217 4500 | ||
|---|---|---|---|
| 001 | 4552884 | ||
| 005 | 20180809042102.0 | ||
| 008 | 730330s1973 paua b 000 0 eng | ||
| 010 | _a 72088852 | ||
| 020 | _a0721684203 | ||
| 040 |
_aDLC _cDLC _dDLC |
||
| 041 | _aeng | ||
| 080 | _a618.928 | ||
| 082 | 0 | 0 | _a618.928 |
| 100 | 1 | _a8 | |
| 101 | _aPED | ||
| 245 | 1 | 4 |
_aThe child with Down's syndrome (mongolism); _c[by] David W. Smith and Ann Asper Wilson. |
| 504 | _aIncludes bibliographies. | ||
| 906 |
_a7 _bcbc _corignew _d2 _eopcn _f19 _gy-gencatlg |
||
| 942 |
_2udc _cBK |
||
| 999 |
_c46950 _d46950 |
||